Ekonomická demokracia dejiny, teória a prax : s predhovorom Ilony Švihlíkovej
Salvato in:
| Autore principale: | |
|---|---|
| Altri autori: | , |
| Natura: | Libro |
| Lingua: | slovacco |
| Pubblicazione: |
Banská Bystrica
Fakulta politických vied a medzinárodných vzťahov Univerzity Mateja Bela
2013
|
| Soggetti: | |
| Tags: |
Nessun Tag, puoi essere il primo ad aggiungerne!!
|
MARC
| LEADER | 00000nam a2200000 4500 | ||
|---|---|---|---|
| 001 | 0174440 | ||
| 005 | 20240314080307.5 | ||
| 020 | |a 978-80-557-0521-7 | ||
| 041 | 0 | |a slo | |
| 044 | |a SK | ||
| 245 | 1 | 0 | |a Ekonomická demokracia |b dejiny, teória a prax : s predhovorom Ilony Švihlíkovej |c Marián Sekerák |
| 264 | 1 | |a Banská Bystrica |b Fakulta politických vied a medzinárodných vzťahov Univerzity Mateja Bela |c 2013 | |
| 300 | |a 224 s. | ||
| 610 | 2 | 0 | |a demokracia |
| 610 | 2 | 0 | |a kapitalizmus |
| 610 | 2 | 0 | |a ekonómia |
| 610 | 2 | 0 | |a história |
| 610 | 2 | 0 | |a štúdie prípadové |
| 100 | 1 | |a Sekerák, Marián | |
| 700 | 1 | |a Kusý, Ivan | |
| 700 | 1 | |a Blaha, Ľuboš | |